Statistics for Grand Admiral Thrawn Quiz (Legends)

Click here to take the quiz!

General Stats

  • This quiz has been taken 51 times
  • The average score is 6 of 15

Answer Stats

HintAnswer% Correct
What species is Thrawnchiss
98%
Thrawns full namemitth'raw'nuruodo
73%
The name of his flagship during this timechimaera
63%
The name of the jedi expedition that thrawn destroyed early in his careeroutbound flight
53%
Name of Thrawns personal bodygaurdrukh
43%
Thrawns last words...but it was so artistically done
40%
The name of the fleet of lost ships that Thrawn attempted to findkatana fleet
40%
Thrawns 2nd in command during his final campaigngilad pellaeon
35%
Name of the insane clone "jedi" that Thrawn used for his battle meditationjoruus c'baoth
28%
The name of Thrawns brotherthrass
28%
The name of the mini empire that Thrawn established in the unknowen regionsempire of the hand
23%
Thrawns long time friend who first taught him galactic basic languagejorg car'das
15%
The man who first "found" Thrawn and presented him to the emperorvoss parck
15%
The warlord that Thrawn fought in the unknowen regions who nearly matched his capacity for tactics and strategynuso esva
8%
The name of Thrawns 2nd in command whilst his flagship was the Admonitordagon niriz
5%

Score Distribution

Percentile by Number Answered

Percent of People with Each Score

Your Score History

You have not taken this quiz